Southville International School and Colleges
Your cart is empty.
  • Cart
  • Lists
    Public lists Eva Luna New books Lux_list list_1
    Your lists Log in to create your own lists
  • Log in to your account
  • Your cookies
  • Search history
Southville International School and Colleges
  • Advanced search
  • Recent comments
  • Most popular
  • Libraries

Log in to your account

Log in with GOOGLE


If you do not have an external account, but do have a local account, you can still log in:

  1. Home
  2. MARC view: The name of the game is tennis /
Normal view MARC view ISBD view

The name of the game is tennis / (Record no. 12387)

[ view plain ]
MARC details
000 -LEADER
fixed length control field 00578nam a22001937a 4500
003 - CONTROL NUMBER IDENTIFIER
control field OSt
005 - DATE AND TIME OF LATEST TRANSACTION
control field 20140310182352.0
008 - FIXED-LENGTH DATA ELEMENTS--GENERAL INFORMATION
fixed length control field 130930t xxu||||| |||| 00| 0 eng d
020 ## - INTERNATIONAL STANDARD BOOK NUMBER
International Standard Book Number 1863790179
050 ## - LIBRARY OF CONGRESS CALL NUMBER
Classification number GV 1002.9
Item number .Sh555 1991
082 ## - DEWEY DECIMAL CLASSIFICATION NUMBER
Classification number GS 796.342
Item number SHI 1991
100 ## - MAIN ENTRY--PERSONAL NAME
Personal name Shields, David
9 (RLIN) 22206
245 ## - TITLE STATEMENT
Title The name of the game is tennis /
Statement of responsibility, etc David Shields; illustrated by Louise Webeek.
260 ## - PUBLICATION, DISTRIBUTION, ETC. (IMPRINT)
Place of publication, distribution, etc Australia :
Name of publisher, distributor, etc Aussie Sports Books Pty. Ltd,
Date of publication, distribution, etc 1991
300 ## - PHYSICAL DESCRIPTION
Extent 63 p. :
Other physical details ill. col. ;
Dimensions 18 cm.
650 ## - SUBJECT ADDED ENTRY--TOPICAL TERM
Topical term or geographic name as entry element Tennis
9 (RLIN) 15511
942 ## - ADDED ENTRY ELEMENTS (KOHA)
Source of classification or shelving scheme Library of Congress Classification
Koha item type
Holdings
Withdrawn status Lost status Source of classification or shelving scheme Damaged status Home library Current library Shelving location Date acquired Total Checkouts Full call number Barcode Date last seen Copy number Price effective from Koha item type
    Library of Congress Classification   Luxembourg Library Luxembourg Library Grade School Section 09/30/2013   GV 1002.9 .Sh555 1991 6724 09/30/2013 1 09/30/2013 Books

The name of the game is tennis /

APA

Shields D., . (1991). The name of the game is tennis. Australia: Aussie Sports Books Pty. Ltd.

Chicago

Shields David, . 1991. The name of the game is tennis. Australia: Aussie Sports Books Pty. Ltd.

Harvard

Shields D., . (1991). The name of the game is tennis. Australia: Aussie Sports Books Pty. Ltd.

MLA

Shields David, . The name of the game is tennis. Australia: Aussie Sports Books Pty. Ltd. 1991.

  • Place hold
  • Print
  • Cite
  • Add to your cart (remove)
  • Save record
    BIBTEX Dublin Core MARCXML MARC (non-Unicode/MARC-8) MARC (Unicode/UTF-8) MARC (Unicode/UTF-8, Standard) MODS (XML) RIS
  • More searches
    Search for this title in:
    Other Libraries (WorldCat) Other Databases (Google Scholar) Online Stores (Bookfinder.com) Open Library (openlibrary.org)

Exporting to Dublin Core...

SOUTHVILLE LIBRARY

Southville International School and Colleges Library

1281 Tropical Ave. Cor. Luxembourg St., BF Homes International, Las Pinas City

Tel. No. 8256374 / 252358 Loc. 117/146

Powered by Koha